000 00452nam a2200169Ia 4500
005 20250507125758.0
008 008 250505s9999 xx 000 0 kor d
037 _aAudio
040 _aEASL
_beng
_cEASL
041 _akor
_2eng
084 _aCD00058-75
_qEASL
245 0 _aEBS youngsang Weyinjeon = Hanguk Yinmulsa = Autobiography
490 _vV. 8
650 _aKorean
942 _cAUD
_hCD00058-75
999 _c1313048
_d1313048